Financial Services and Markets Act 2000 (1) (Record no. 68037)
[ view plain ]
| 000 -LEADER | |
|---|---|
| fixed length control field | 00921cam a2200217 4500 |
| 001 - CONTROL NUMBER | |
| control field | ABS64376 |
| 008 - FIXED-LENGTH DATA ELEMENTS--GENERAL INFORMATION | |
| fixed length control field | 010820n2001 000 0 eng u |
| 035 ## - SYSTEM CONTROL NUMBER | |
| System control number | (Sirsi) u114204 |
| 100 ## - MAIN ENTRY--PERSONAL NAME | |
| Personal name | Whitehouse, R |
| 245 ## - TITLE STATEMENT | |
| Title | Financial Services and Markets Act 2000 (1) |
| 260 ## - PUBLICATION, DISTRIBUTION, ETC. | |
| Date of publication, distribution, etc. | 2001 |
| 490 ## - SERIES STATEMENT | |
| Series statement | Solicitors' Journal |
| Volume/sequential designation | 145(29) 27 July 2001, 688-689(2) |
| 520 ## - SUMMARY, ETC. | |
| Summary, etc. | First of a four-part series examining the impact of the Financial Services and Markets Act 2000 (FSMA) which comes into force midnight 30 November 2001. First part studies the background and scope of the FSMA, providing information on changes involved and transitional arrangements. |
| 590 ## - LOCAL NOTE (RLIN) | |
| Local note | ABS |
| 650 ## - SUBJECT ADDED ENTRY--TOPICAL TERM | |
| Topical term or geographic name entry element | FINANCIAL SERVICES AND MARKETS ACT 2000 |
| 650 ## - SUBJECT ADDED ENTRY--TOPICAL TERM | |
| Topical term or geographic name entry element | FINANCIAL REGULATION |
| 650 ## - SUBJECT ADDED ENTRY--TOPICAL TERM | |
| Topical term or geographic name entry element | SELF REGULATORY ORGANISATIONS |
| 650 ## - SUBJECT ADDED ENTRY--TOPICAL TERM | |
| Topical term or geographic name entry element | FINANCIAL SERVICES |
| 690 ## - LOCAL SUBJECT ADDED ENTRY--TOPICAL TERM (OCLC, RLIN) | |
| Topical term or geographic name as entry element | MANAGEMENT-BUSINESS MANAGEMENT-FINANCIAL MANAGEMENT |
| 942 ## - ADDED ENTRY ELEMENTS (KOHA) | |
| Suppress in OPAC | 0 |
| Withdrawn status | Lost status | Source of classification or shelving scheme | Damaged status | Not for loan | Home library | Current library | Shelving location | Date acquired | Total Checkouts | Full call number | Barcode | Date last seen | Copy number | Price effective from | Koha item type |
|---|---|---|---|---|---|---|---|---|---|---|---|---|---|---|---|
| Dewey Decimal Classification | London | London | Journal article | 20/08/2001 | ABS64376 | 114204-1001 | 06/08/2019 | 1 | 06/08/2019 | Journal article |